Faculty of Law Library — Cairo University

Official Online Catalog

Dictionnaire-Formulaire De Parquets Et De La Police Judiciaire. (Record no. 47463)

MARC details
000 -LEADER
fixed length control field 01080nam a2200313 i 4500
003 - CONTROL NUMBER IDENTIFIER
control field EG-GICUC
005 - DATE AND TIME OF LATEST TRANSACTION
control field 20260121101408.0
008 - FIXED-LENGTH DATA ELEMENTS--GENERAL INFORMATION
fixed length control field 251130s1939 fr ||||frd||| 00| 0 fre d
040 ## - CATALOGING SOURCE
Original cataloging agency EG-GiCUC
Language of cataloging fre
Transcribing agency EG-GiCUC
Modifying agency EG-GiCUC
Description conventions rda
041 0# - LANGUAGE CODE
Language code of text/sound track or separate title fre
082 04 - DEWEY DECIMAL CLASSIFICATION NUMBER
Edition number 21
Classification number 343.3
Item number LA . D
092 04 - LOCALLY ASSIGNED DEWEY CALL NUMBER (OCLC)
Edition number 21
099 ## - LOCAL FREE-TEXT CALL NUMBER (OCLC)
Classification number Law1 10 343.3 LA . D 1939
100 1# - MAIN ENTRY--PERSONAL NAME
Personal name Lauraens, Saint
Relator term Auteur
245 10 - TITLE STATEMENT
Title Dictionnaire-Formulaire De Parquets Et De La Police Judiciaire.
Number of part/section of a work Tome Deuxieme /
Statement of responsibility, etc. Par Saint-Laurens ; Gustave LE POITTEVIN.
250 ## - EDITION STATEMENT
Edition statement Septiéme Édition
264 #1 - PRODUCTION, PUBLICATION, DISTRIBUTION, MANUFACTURE, AND COPYRIGHT NOTICE
Place of production, publication, distribution, manufacture Paris :
Name of producer, publisher, distributor, manufacturer LIBRAIRIE ARTHUR ROUSSEAU, ROUSSEAU & C, Editeurs,
Date of production, publication, distribution, manufacture, or copyright notice 1939.
300 ## - PHYSICAL DESCRIPTION
Extent 1163 pages ;
Dimensions 24 cm.
336 ## - CONTENT TYPE
Source rda content
Content type term text
337 ## - MEDIA TYPE
Source rda media
Media type term Computer
338 ## - CARRIER TYPE
Source rda carrier
Carrier type term Online Resource
504 ## - BIBLIOGRAPHY, ETC. NOTE
Bibliography, etc. note Comprend des références bibliographiques.
546 ## - LANGUAGE NOTE
Language note Texte en français
650 1# - SUBJECT ADDED ENTRY--TOPICAL TERM
Topical term or geographic name entry element Droit Pénal
700 ## - ADDED ENTRY--PERSONAL NAME
Personal name Gustave LE POITTEVIN
Relator term Président
856 40 - ELECTRONIC LOCATION AND ACCESS
Uniform Resource Identifier <a href="https://fll.law.cu.edu.eg/fulltext/bks/B10-01067.pdf">https://fll.law.cu.edu.eg/fulltext/bks/B10-01067.pdf</a>
905 ## - Cataloger and Reviser Names
Cataloger Name: Habiba Ismail
Revisor Name: Hassnaa
942 ## - ADDED ENTRY ELEMENTS (KOHA)
Source of classification or shelving scheme Dewey Decimal Classification
Koha item type Reference
Edition 21
Suppress in OPAC No
Holdings
Withdrawn status Lost status Source of classification or shelving scheme Damaged status Not for loan Collection Home library Current library Date acquired Total checkouts Full call number Barcode Date last seen Copy number Price effective from Koha item type
    Dewey Decimal Classification   Not for loan القانون الجنائي جــــامعة القــاهرة مكتبة كلية الحقوق - المبنى الرئيسي 30.11.2025   Law1 10 343.3 7 ed - 1939 LA . D 1001067 C1 B10-01067 30.11.2025 1 30.11.2025 Books

© All rights reserved — Faculty of Law, Cairo University